|
|
|
|
| LEADER |
01538nam a2200385 a 4500 |
| 001 |
000457010 |
| 003 |
CZ BrMZK |
| 005 |
20171102101741.0 |
| 007 |
ta |
| 008 |
010907s1999 xr e cze d |
| 015 |
|
|
|a cnb000838917
|
| 020 |
|
|
|a 80-7108-193-0
|
| 035 |
|
|
|a (OCoLC)84994206
|
| 040 |
|
|
|a BOA001
|b cze
|
| 043 |
|
|
|a e-cs---
|a e-au---
|
| 080 |
|
|
|a 929
|2 MRF
|
| 080 |
|
|
|a 34-051
|2 MRF
|
| 080 |
|
|
|a 323
|2 MRF
|
| 080 |
|
|
|a (0:82-94)
|2 MRF
|
| 100 |
1 |
|
|a Weyr, František,
|d 1879-1951
|7 jk01151630
|
| 245 |
1 |
0 |
|a Paměti.
|n 1.,
|p Za Rakouska (1879-1918) /
|c František Weyr ; [k vydání připravila, jmenným rejstříkem opatřila a ediční poznámku napsala Jana Uhdeová]
|
| 246 |
3 |
0 |
|a Za Rakouska (1879-1918)
|
| 250 |
|
|
|a Vyd. 1.
|
| 260 |
|
|
|a Brno :
|b Atlantis,
|c 1999
|
| 300 |
|
|
|a 486 s. ;
|c 21 cm
|
| 600 |
1 |
7 |
|a Weyr, František,
|d 1879-1951
|7 jk01151630
|2 czenas
|
| 650 |
0 |
7 |
|a právníci
|7 ph124721
|z Československo
|2 czenas
|
| 651 |
|
7 |
|a Rakousko
|7 ge130612
|x společnost a politika
|y 1879-1918
|2 czenas
|
| 655 |
|
7 |
|a autobiografické vzpomínky
|7 fd131854
|2 czenas
|
| 700 |
1 |
|
|a Uhdeová, Jana,
|d 1975-
|7 xx0021757
|4 com
|
| 856 |
4 |
1 |
|u http://www.digitalniknihovna.cz/mzk/uuid/uuid:42b884f0-d342-11e6-b32e-005056827e52
|y Digitalizovaný dokument
|x NDK
|
| 910 |
|
|
|a BOA001
|b 2-1068.216,1
|
| 990 |
|
|
|a BK
|
| 996 |
6 |
|
|b 2610107417
|c 2-1068.216,1
|l MZK
|r Sklad / do 1 hodiny
|n 16
|p p.v.
|w 000457010
|u 000010
|a 1
|e BOA001
|j MZK50
|s P
|
| 996 |
7 |
|
|b 2610146713
|c 2-1068.216,1
|l MZK
|r Sklad / do 1 hodiny
|n 56
|p kup
|w 000457010
|u 000020
|a 1
|e BOA001
|j MZK50
|s A
|